| 000 | 02481nam a2200409 4500 | ||
|---|---|---|---|
| 003 | EC-UNACH | ||
| 005 | 20250515163340.0 | ||
| 006 | s||||gr|||| 00| 00 | ||
| 008 | 150116t9999 mx r gr 000 0 spa d | ||
| 020 | _a25287761 | ||
| 040 |
_aEC-UNACH _cEC-UNACH |
||
| 041 | _aspa | ||
| 082 | 0 | 4 |
_223 _a300 _bL017768 |
| 110 | _aCentro Andino de Acción Popular (CAAP) | ||
| 245 | _aEcuador Debate N°121. Tendencias en la sociedad rural ecuatoriana | ||
| 250 | _aPrimera edición | ||
| 264 |
_aQuito – Ecuador _bCAAP _c2024 |
||
| 300 |
_a224 páginas _bTabla, Gráficos _c14,5 X 21 cm |
||
| 505 | _aCOYUNTURA.- Ecuador 2024: narcotráfico y política ¿hasta dónde son sus nexos estructurales?. Conflictividad socio-política. Noviembre 2023-Febrero 2024.-- TEMA CENTRAL.- Presentación del Tema Central. Tendencias en la sociedad rural ecuatoriana. Preciada comida: el rol relacional de la yuca en el sustento de poblaciones precarizadas en Ecuador. El rol de las ciudades pequeñas para la seguridad alimentaria Grace Guerrero y René Larenas. Racismo institucional en la salud. Claves para pensar la atención en salud desde la interculturalidad. Extractivismo y violencia en Esmeraldas, Ecuador. Factores determinantes de la gestión comunal del páramo de Quilloac en la provincia de Cañar. "Mandar obedeciendo". El movimiento indígena de Cotopaxi en el gobierno provincial (2000-2022). -- DEBATE AGRARIO.- Tejido social, finanzas y organización campesina en la Costa. -- ANÁLISIS.- Pë'kēya: restitución del territorio ancestral de la nación Siekopai desde la memoria histórica y biocultural. ¿Por qué debe cumplirse la consulta popular sobre el Yasuní-ITT?. Una estrategia para superar la crisis. -- RESEÑAS.- La producción social de las violencias en Ecuador y América Latina. Histórica, estructural, plural y relacional. | ||
| 650 | _aCONFLICTIVIDAD SOCIO-POLÍTICA | ||
| 650 |
_9 _aPOBLACIONES PRECARIZADAS |
||
| 650 | _aGESTIÓN COMUNAL | ||
| 650 | _aTERRITORIO ANCESTRAL | ||
| 650 | _aVIOLENCIAS EN ECUADOR | ||
| 710 | _aEcheverria, Julio | ||
| 710 | _aAnchaluisa, David | ||
| 710 | _aOspina Peralta, Pablo | ||
| 710 | _aVera Vega, Cristina | ||
| 710 | _aOspina Peralta, Pablo | ||
| 710 | _aGuerrero, Rafael | ||
| 942 |
_2ddc _c1 |
||
| 999 | _c13562 | ||